| Tag |
First Indicator |
Second Indicator |
Subfields |
| LEADER |
00000cam a2200000Ii 4500 |
| 001 |
in00003725021 |
| 005 |
20161001114546.0 |
| 008 |
160708t20162016dcua b 000 0 eng d |
| 035 |
|
|
|a (OCoLC)ocn953327450
|
| 040 |
|
|
|a YDXCP
|b eng
|e rda
|c YDXCP
|d TXA
|
| 020 |
|
|
|a 0309389488
|
| 020 |
|
|
|a 9780309389488
|
| 035 |
|
|
|a (OCoLC)953327450
|
| 043 |
|
|
|a n-us-ky
|
| 050 |
|
4 |
|a UG447
|b .E34 2016
|
| 049 |
|
|
|a TXAM
|
| 245 |
0 |
0 |
|a Effects of the deletion of chemical agent washout on operations at the Blue Grass Chemical Agent Destruction Pilot Plant /
|c Committee on Effects of the Deletion of Chemical Agent Washout on Operations at the Blue Grass Agent Destruction Pilot Plant, Board on Army Science and Technology, Division on Engineering and Physical Sciences, the National Academies of Sciences, Engineering, Medicine.
|
| 264 |
|
1 |
|a Washington, DC :
|b the National Academies Press,
|c [2016]
|
| 264 |
|
4 |
|c ©2016
|
| 300 |
|
|
|a xiii, 37 pages :
|b illustrations (some color) ;
|c 28 cm
|
| 336 |
|
|
|a text
|b txt
|2 rdacontent
|
| 337 |
|
|
|a unmediated
|b n
|2 rdamedia
|
| 338 |
|
|
|a volume
|b nc
|2 rdacarrier
|
| 504 |
|
|
|a Includes bibliographical references.
|
| 505 |
0 |
|
|a Introduction -- Plant process changes as a result of washout deletion -- Impacts on calculation of destruction efficiency -- Process modeling in support of washout deletion -- Appendixes -- Appendix A: Committee activities -- Appendix B: Sketches of Committee members.
|
| 520 |
1 |
|
|a "The United States manufactured significant quantities of chemical weapons during the Cold War and the years prior. Because the chemical weapons are aging, storage constitutes an ongoing risk to the facility workforces and to the communities nearby. In addition, the Chemical Weapons Convention treaty stipulates that the chemical weapons be destroyed. The United States has destroyed approximately 90 percent of the chemical weapons stockpile located at seven sites. Due to public opposition to the use of incineration to destroy the BGAD stockpile, Congress mandated that non- incineration technologies be identified for use at BGCAPP. As a result, the original BGCAPP design called for munitions to be drained of agent and then for the munition bodies to be washed out using high-pressure hot water. However as part of a larger package of modifications called Engineering Change Proposal 87 (ECP-87), the munition washout step was eliminated. Effects of the Deletion of Chemical Agent Washout on Operations at the Blue Grass Chemical Agent Destruction Pilot Plant examines the impacts of this design change on operations at BGCAPP and makes recommendations to guide future decision making"--Publisher's description.
|
| 610 |
2 |
0 |
|a Blue Grass Chemical Agent Destruction Pilot Plant.
|
| 650 |
|
0 |
|a Chemical weapons disposal
|x Environmental aspects
|z Kentucky
|z Richmond.
|
| 650 |
|
0 |
|a Water reuse
|z Kentucky
|z Richmond.
|
| 650 |
|
0 |
|a Hazardous waste sites
|z Kentucky
|z Richmond
|x Design and construction.
|
| 710 |
2 |
|
|a National Academies of Sciences, Engineering, and Medicine (U.S.).
|b Committee on Effects of the Deletion of Chemical Agent Washout on Operations at the Blue Grass Agent Destruction Pilot Plant.
|
| 945 |
|
|
|b 774408
|
| 947 |
|
|
|a A14843444218
|
| 994 |
|
|
|a C0
|b TXA
|
| 948 |
|
|
|a cataloged
|b h
|c 2016/10/1
|d c
|e nbehmer
|f 11:45:38 am
|
| 999 |
f |
f |
|s 503031f7-7930-34b9-a8c4-c83241a321f7
|i afa67c73-1d01-3611-9d30-39841907b67e
|t 0
|
| 952 |
f |
f |
|p normal
|a Texas A&M University
|b College Station
|c Sterling C. Evans Library
|d Evans: Library Stacks
|t 0
|e UG447 .E34 2016
|h Library of Congress classification
|i unmediated -- volume
|m A14843444218
|
| 998 |
f |
f |
|a UG447 .E34 2016
|t 0
|l Evans: Library Stacks
|